000 01111nas a2200349 4500
001 BR0104826
003 BR-BrBNA
005 20231205102450.0
007 ta
008 230509b bl.|||p| |||| 00| 00por d
040 _aBR-BrBNA
_bpor
_cBiblioteca Nacional de Agricultura
041 _a(Pt)
072 _aL50; L01
100 1 _aVeras, A.S.C.
100 1 _aValadares Filho, S. de C.
100 1 _aSilva, J.F.C. da
100 1 _aPaulino, M.F.
100 1 _aCecon, P.R.
100 1 _aValadares, R.F.D.
100 1 _aFerreira, M. de A.
100 1 _aSilva, C.M. da
100 1 _aSilva, B.C. da
245 1 _aPredicao da composicao quimica corporal de bovinos Nelore e F1 Simental x Nelore a partir da composicao quimica da secao Hankins e Howe (secao HH)
650 _aGado Nelore
650 _aGado Simmental
650 _aComposicao Quimica
650 _aIdade
650 _aPeso
773 0 _tRevista Brasileira de Zootecnia (Brazil)
_xISSN 1516-3598
_g(May-Jun 2001), v. 30(3)Suplemento 1 p. 1112-1119
_wBR0104826
909 _a202311
_bLúcia
_c55
_dLúcia Elande
942 _2AGRIS
_n0
_cANA
999 _c167703
_d167703